|
|
|
|
| LEADER |
01293nam a2200313 a 4500 |
| 001 |
000675705 |
| 003 |
CZ BrMZK |
| 005 |
20111214135305.0 |
| 007 |
ta |
| 008 |
030630s1964 xr f cze d |
| 015 |
|
|
|a cnb000132238
|
| 035 |
|
|
|a (OCoLC)85204627
|
| 040 |
|
|
|a BOA001
|b cze
|c BOA002
|
| 041 |
0 |
|
|a cze
|a eng
|
| 100 |
1 |
|
|a Dušková, Libuše,
|d 1930-
|7 jk01023436
|4 aut
|
| 245 |
1 |
0 |
|a Stručná mluvnice angličtiny /
|c zprac. Libuše Dušková, Libuše Bubeníková, Jan Caha
|
| 250 |
|
|
|a 2., přeprac. vyd.
|
| 260 |
|
|
|a Praha :
|b Československá akademie věd,
|c 1964
|
| 300 |
|
|
|a 301 s.
|
| 500 |
|
|
|a Dostupné též v digitální podobě v aplikaci Kramerius
|
| 700 |
1 |
|
|a Caha, Jan,
|d 1910-1981
|7 jk01020521
|4 aut
|
| 700 |
1 |
|
|a Bubeníková, Libuše,
|d 1920-1994
|7 jk01020090
|4 aut
|
| 856 |
4 |
1 |
|u http://www.digitalniknihovna.cz/mzk/uuid/uuid:ff891240-4d4a-11e5-8851-005056827e51
|y Digitalizovaný dokument
|x NDK
|
| 910 |
|
|
|a BOA001
|b PK-A-0006.320-64
|b 1-0426.888-64
|b TK-0086.772-64
|
| 920 |
|
|
|a 000230197
|
| 964 |
|
|
|a Angličtina - mluvnice - přehledy
|
| 990 |
|
|
|a BK
|
| 996 |
7 |
|
|b 2619198174
|c 1-0426.888-64
|l MZK
|r Sklad / do 1 hodiny
|n 0
|w 000675705
|u 000030
|a 1
|e BOA001
|j MZK50
|s A
|
| 996 |
6 |
|
|b 2619421015
|c 1-0426.888-64
|l MZK
|r Sklad / do 1 hodiny
|n 0
|w 000675705
|u 000020
|a 1
|e BOA001
|j MZK50
|s P
|